000 01030cam a2200289 a 4500
001 16240302
005 20180130043328.0
008 100518s2012 maua b 001 0 eng
010 _a 2010928980
020 _a9780312609696 (student edition : alk. paper)
020 _a0312609698 (student edition : alk. paper)
020 _a9780312615918 (instructor's edition : alk. paper)
020 _a0312615914 (instructor's edition : alk. paper)
020 _a9780312657796 (high school edition : alk. paper)
020 _a031265779X (high school edition : alk. paper)
040 _aDLC
_cDLC
041 _aeng
042 _apcc
080 _a37 ken
100 _a47
101 _aedu
245 1 4 _aThe Bedford reader /
_c[edited by] X. J. Kennedy, Dorothy M. Kennedy, Jane E. Aaron.
504 _aIncludes bibliographical references and index.
906 _a7
_bcbc
_corignew
_d2
_eepcn
_f20
_gy-gencatlg
942 _2ddc
_cBK
999 _c41252
_d41252